Tizenöt perc Szent-Györgyi Alberttal
[Interjú]; [„alig több, mint 24-órát tölt el […] Budapesten, és máris utazik vissza”]
Elmentve itt :
| Szerző: | |
|---|---|
| Dokumentumtípus: | Cikk |
| Megjelent: |
Hírlapkiadó Vállalat
1978-01-08
|
| Sorozat: | Népszabadság : az MSZMP központi lapja
36 No. 7 |
| Online Access: | http://misc.bibl.u-szeged.hu/72477 |
| LEADER | 00762nab a2200193 i 4500 | ||
|---|---|---|---|
| 001 | misc72477 | ||
| 005 | 20231124102752.0 | ||
| 008 | 231124s1978 hu o 000 hun d | ||
| 022 | |a 0133-1752 | ||
| 040 | |a SZTE Miscellanea Repozitórium |b hun | ||
| 041 | |a hun | ||
| 100 | 1 | |a Vajda Péter | |
| 245 | 1 | 0 | |a Tizenöt perc Szent-Györgyi Alberttal |h [elektronikus dokumentum] / |c Vajda Péter |
| 260 | |a Hírlapkiadó Vállalat |c 1978-01-08 | ||
| 300 | |a 8 | ||
| 490 | 0 | |a Népszabadság : az MSZMP központi lapja |v 36 No. 7 | |
| 520 | 3 | |a [Interjú]; [„alig több, mint 24-órát tölt el […] Budapesten, és máris utazik vissza”] | |
| 561 | |a Szent-Györgyi Albertről szóló irodalom | ||
| 856 | 4 | 0 | |u http://misc.bibl.u-szeged.hu/72477/1/szgya_1978_005.pdf |z Dokumentum-elérés |